Psicología comunitaria en la enseñanza y la orientación: experiencias de formación presencial y on line
Shranjeno v:
| Main Authors: | , , |
|---|---|
| Format: | Knjiga |
| Jezik: | španščina |
| Izdano: |
Madrid
Narcea
2006
|
| Serija: | Colección Educación Hoy Estudios
|
| Teme: | |
| Oznake: |
Označite
Brez oznak, prvi označite!
|
MARC
| LEADER | 00000nam a2200000 a 4500 | ||
|---|---|---|---|
| 001 | UCI8639 | ||
| 003 | CL-VaPUC | ||
| 008 | 080911e20060000SP |||||||||||||||||spa|d | ||
| 020 | |a 8427715196 | ||
| 082 | 0 | 4 | |a 370.15 |b FRA |2 21 |
| 100 | 0 | |a Francescato, Donata |e author |9 532178 | |
| 700 | 0 | |a Tomai, Manuela |e author |9 532179 | |
| 700 | 0 | |a Menabe, Minou Ella |e author |9 532180 | |
| 245 | 1 | 0 | |a Psicología comunitaria en la enseñanza y la orientación: experiencias de formación presencial y on line |
| 300 | |a 187 p | ||
| 942 | |c BK | ||
| 945 | |d 20080911 00:00:00 |a jtorresc | ||
| 260 | |a Madrid |b Narcea |c 2006 | ||
| 650 | 0 | |a Psicología educacional |9 307830 | |
| 650 | 0 | |a Psicología social |9 222894 | |
| 650 | 7 | |a INNOVACIONES TECNOLOGICAS |2 CL-VaPUC |9 532181 | |
| 583 | |a last modification |c 20130101 10:18:34 |k Rodrigo Vera | ||
| 490 | 0 | |a Colección Educación Hoy Estudios | |
| 999 | |c 331455 |d 331453 | ||
| 952 | |0 0 |1 0 |4 0 |6 370_150000000000000_FRA_2006 |7 0 |8 A |9 418130 |a BIBEDU |b BIBEDU |d 2019-11-22 |i 4481054 |o 370.15 FRA 2006 |p 4481054 |r 2019-11-22 |w 2019-11-22 |y BK |k EPE | ||